Política y verdad en Cornelius Castoriadis /

Gorde:
Xehetasun bibliografikoak
Egile nagusia: Calveiro, Pilar
Formatua: Texto
Etiketak: Etiketa erantsi
Etiketarik gabe, Izan zaitez lehena erregistro honi etiketa jartzen!

MARC

LEADER 00000 a a2200000 04500
001 9606
003
040
100 |a Calveiro, Pilar  
245 |a Política y verdad en Cornelius Castoriadis /  |c Pilar Calveiro 
773 |g volumen 2, número 8; páginas 711-720  
999 |c 23551  |d 23551